00553nam a22001457a 4500082003100000100002900031245008300060260005600143300001700199526003700216650001300253942001200266999001900278952011000297 a624.1762bSEIcL-39, P-189 aAjaya Kumar Gupta946207 aSeismic performance of low rise buildingsbState of the art and research needs aNew YorkbAmerican society of civil engineersc1980 a209 p.bill. a0b0c0d624_176200000000000_SEI aMCE9379 2ddccBK c549556d549556 00102ddc4070aMCEbMCEd2014-09-30l1o624.1762 SEIpMCE-43510r2017-11-08s2017-11-07w2014-09-30yBK